000 00307nam a2200109Ia 4500
008 220204s9999 xx 000 0 und d
082 _a631.11
_bFUK
100 _aFukuoka, Masanobu
245 0 _aOne straw revolution: An introduction ot natural farming
260 _aGoa
_bOther India Press
_c1992
942 _cBK
999 _c40736
_d40736